000 00862cam a2200217 i 4500
005 20251208105825.0
008 250721s2007 ua gr 000 0 ara d
020 _a9773721728
082 1 4 _a214.6
_b ق ي م
100 1 _aابن القيم الجوزية،
_d(961-751i)ه،
_eمؤلف.
245 1 0 _aصحيح كتاب الفوائد /
_cللامام شمس الدين محمد بن ابي بكر بن قيم الجوزية ؛ تحقيق مصطفى ابو المعاطي.
250 _aالطبعه الاولى.
264 3 1 _aالقاهرة :
_bدار الغد الجديد،
_c2007.
300 _a223 صفحه.
650 1 7 _aالإيمان.
650 1 7 _aالأدعية الإسلامية.
650 1 7 _aالحديث الشريف.
700 1 _aأبو المعاطي، مصطفى
_eمحقق
942 _2ddc
_cBK
999 _c102759
_d102759